Riconosci gli Stati dal satellite - Quiz n°14 - Statistics

Statistiche generali
  • Questo quiz è stato fatto 6 volte
  • Il punteggio medio è 5 su 10
Statistiche sulle risposte
con Immagini Risposta % Corretto
Cina
100%
Norvegia
100%
Pakistan
83%
Perù
67%
Armenia
33%
Nauru
33%
Dominica
17%
Lesotho
17%
Sierra Leone
17%
Togo
17%
Nessun quiz corrispondente trovato
Distribuzione punteggi
Percentuale di utenti per punteggio
Percentile per numero di risposta
I tuoi punteggi nel tempo
Non hai fatto questo quiz